Sports Quiz

Random Sports or Soccer Quiz

EPL Team by no.20 Quiz Stats

 Plays Quiz not verified by Sporcle

Challenge
Share
Tweet
Embed
Score 0/20 Timer 10:00
0 Plays Today
Hint Answer % Correct
Mathieu FlaminiArsenal
100%
Adam LallanaLiverpool
98.5%
Ross BarkleyEverton
96.9%
Eliaquim MangalaManchester City
96.9%
Dele AlliTottenham Hotspur
92.3%
Shinji OkazakiLeicester City
90.8%
Sergio RomeroManchester United
90.8%
Geoff CameronStoke City
87.7%
Jefferson MonteroSwansea City
84.6%
Victor MosesWest Ham United
81.5%
Hint Answer % Correct
Adama TraoréAston Villa
78.5%
Florian ThauvinNewcastle United
78.5%
Christian AtsuBournemouth
76.9%
Ola ToivonenSunderland
76.9%
Jonathan WilliamsCrystal Palace
73.8%
NoneChelsea
67.7%
JuanmiSouthampton
66.2%
Tony AndreuNorwich City
60%
NoneWest Bromwich Albion
58.5%
Steven BerghuisWatford
55.4%

You're not logged in!

Compare scores with friends on all Sporcle quizzes.
Join for Free
OR
Log In

You Might Also Like...

Show Comments

Extras

Top Quizzes Today


Score Distribution

Your Account Isn't Verified!

In order to create a playlist on Sporcle, you need to verify the email address you used during registration. Go to your Sporcle Settings to finish the process.

Report this User

Report this user for behavior that violates our Community Guidelines.

Details: